01122nab a2200217 i 4500001000400000003000400004005001700008008003900025040000800064041001300072080001100085100011200096245019200208260001000400500002100410520030700431650001900738650002400757650001400781773010900795BPPBPK20160119093424.0160119s2012 pl | | |000 ||pol cBPK apolbeng a005.44 aFECZKO, Janusz.d2012 - .bPolitechnika Koszalińska - Wydział Nauk Ekonomicznych,cKatedra Zarządzania aGlobalizacja a region Mazowsze 2011 - aspekty ekonomiczne, zarządcze i turystyczne = bGlobalization and the region Mazovia 2011 - economic aspect and travel management/cJanusz Feczko. c2012. aDane z autopsji. aW artykule opisano badania przeprowadzone w listopadzie 2011 roku metodą wywiadu. Celem badań było poznanie aktualnego stanu globalizacji na bazie ważniejszych wybranych potrzeb, postaw i preferencji mieszkańców regionu Mazowsze. Badania zawężono do aspektów ekonomicznych i turystyki. 0aGlobalizacja.  0aWzrost gospodarczy. 0aMazowsze. iW :tZeszyty Naukowe Wydziału Nauk Ekonomicznych Politechniki Koszalińskiej. -g2012, nr 16, s. 27-49